| 000 | 00498nam a22001697a 4500 | ||
|---|---|---|---|
| 005 | 20251108164016.0 | ||
| 008 | 250721s1987 xx 000 0 ara d | ||
| 082 | 1 | 4 | _a137/أحم |
| 100 | 1 | _aعبد الخالق، أحمد محمد | |
| 245 | 1 | 0 | _aالأبعاد الأساسية للشخصية / |
| 250 | _aط4. | ||
| 264 | 1 |
_aالاسكندريه : _bدار المعرفة الجامعية، _c1987. |
|
| 300 | _a466ص : مص | ||
| 650 | 1 | 7 | _aالشخصية |
| 942 |
_2ddc _cBK |
||
| 999 |
_c1302 _d1302 |
||